Strony konfliktu Rosji z Ukrainą. - Statystyki

Ogólne statystyki
  • Ten quiz został rozwiązany 171 razy
  • Średni wynik to 4 z 6
Statystyki odpowiedzi
Hint Odpowiedź % Poprawnych
Strona ukraińska Ukraina
92%
Strona rosyjska Rosja
91%
Strona rosyjska Korea Północna
84%
Strona rosyjska Białoruś
77%
Strona rosyjska Doniecka Republika Ludowa
31%
Strona rosyjska Ługańska Republika Ludowa
31%
Nie znaleziono quizów pasujących do podanych kryteriów
Rozkład punktacji
Procent ludzi z każdym wynikiem
Percentyl według liczby udzielonych odpowiedzi
Twoja historia wyników
Nie rozwiązałeś tego quizu